| 000 | 00896nam a2200289Ia 4500 | ||
|---|---|---|---|
| 003 | OSt | ||
| 005 | 20220912151148.0 | ||
| 006 | a|||||r|||| 00| 0 | ||
| 007 | ta | ||
| 008 | 220909b |||||||| |||| 00| 0 eng d | ||
| 024 | _a36654 | ||
| 037 | _cTextual | ||
| 040 |
_aCSL _beng _cCSL |
||
| 041 | _aeng | ||
| 082 | _aC4:5p1,N75, L5 | ||
| 100 | _aRiste Tormod Ed. | ||
| 111 | _aInternational symposium on fluctuations instabilities and phase transitions (1975 : Geilo) | ||
| 245 | 0 | _aProceeding on fluctuations instabilites and phase transitions | |
| 260 |
_aNew York _b Plenum Press _c1975 |
||
| 300 |
_aviii, 389p. _ccm. |
||
| 490 | _aNATO Advanced study institute series: Series B, physics; 11 | ||
| 650 | _a Change of title | ||
| 650 | _a Heat | ||
| 650 | _aPhysics | ||
| 942 |
_hC4:5p1,N75, L5 _cTEXL _2CC |
||
| 999 |
_c62504 _d62504 |
||